Fußballmannschaften von Zlatan Ibrahimović - Statistiken

Allgemein
  • Dieses Quiz wurde 140 mal gespielt
  • Das Durchschnittsergebnis liegt bei 8 aus 9
Antwortstatistiken
Spiele Tore Vorlagen Antwort % Korrekt
163 93 35 AC Mailand
99%
117 66 29 Inter Mailand
96%
46 22 13 FC Barcelona
95%
190 156 62 FC Paris Saint-Germain
95%
53 29 10 Manchester United
87%
110 48 17 Ajax Amsterdam
84%
58 53 15 Los Angeles Galaxy
83%
8 3 3 Malmö FF
81%
92 26 19 Juventus Turin
77%
Keine übereinstimmenden Quizze gefunden
Verteilung der Resultate
Anzahl Personen mit jedem Resultat
Perzentil nach korrekt beantworteten Fragen
Ihre Resultats-Entwicklung
Sie haben dieses Quiz noch nicht gespielt